| 000 | 00659nam a22002297a 4500 | ||
|---|---|---|---|
| 005 | 20170124110057.0 | ||
| 010 | _aA-712628 | ||
| 020 | _c00.00 | ||
| 035 | _aA-712628 | ||
| 037 | _bCen Lib/Ret | ||
| 040 |
_aDPL _bEN |
||
| 082 |
_a070.4 _bAST |
||
| 100 |
_aAstor, J. J. _926666 |
||
| 245 |
_aArt of modern journalism / _cby J. J. Astor |
||
| 260 |
_aDelhi _bAkashdeep Publishing house _c1988 |
||
| 270 |
_aHN/7A, New Govind Pura Extn., Near Chander Nagar _bDelhi _e110051 |
||
| 300 |
_aix,218p. _c21cm(Hb) |
||
| 500 | _aIncludes index | ||
| 650 |
_aJournalism _926667 |
||
| 650 |
_aJournalist _926668 |
||
| 942 |
_2ddc _cEN _h070.4 _mAST |
||
| 999 |
_c129541 _d129541 |
||